000 00613nam a2200169 a 4500
008 120416s1978 ||||||||||||||||| || u
020 _a087094164X
050 _aHF 5681.B2 Ber
100 _aBernstein, Leopold A
245 1 4 _aThe Analysis of financial statements
260 _aHomewood, Ill.
_bJones-Irwin
_c1978
300 _axi, 311p. : ill
350 _a0.00
650 0 _aACCOUNTING--HANDBOOKS, MANUALS, ETC
650 _aFINANCIAL ACCOUNTING
995 _D0.00
_FCBU-MAIN LIBRARY (Kitwe)
_H1
_I20.25
_M1
_UAVAILABLE
_ZAnnex Low-Usage Collection
999 _c34248
_d34248